Súpis publikačnej činnosti ...
| Other Authors: | , |
|---|---|
| Format: | Serial |
| Language: | Slovak English |
| PhysicalDescription: | zv. 21 cm |
| Published: |
Nitra
Výskumný ústav živočíšnej výroby
Nitra Slovenské centrum poľnohospodárskeho výskumu, Výskumný ústav živočíšnej výroby, OISEČ Nitra Centrum výskumu živočíšnej výroby Nitra NPPC - VÚSŽ |
| ISBN: | 808887226X (brož. : r. 2001) 8088872294 (brož. : r. 2002) 8088872405 (brož. : r. 2003) 8088872464 (brož. : r. 2004) 8088872553 (brož. : r. 2005) 9788089088539 (brož. : r. 2006) 9788088872771 (brož. : r. 2007) 9788089418084 (brož. : r. 2009) 9788089418138 (brož. : r. 2010) 9788089418312 (brož. : r. 2012) 9788089418398 (brož. : r. 2013) 9788089418473 (brož. : r. 2014) 9788089418480 (brož. : r. 2015) 8088872057 (brož. : r. 1995) 8088872073 (brož. : r. 1996) 8088872081 (brož. : r. 1997) 8088872111 (brož. : r. 1998) 8088872049 (brož. : r. 1999) 8088872227 (brož. : r. 2000) |
| Subjects: |
MARC
| LEADER | 00000cas a2200000 a 4500 | ||
|---|---|---|---|
| 001 | vtls001458744 | ||
| 003 | SK-MaSNL | ||
| 005 | 20260228160707.0 | ||
| 008 | 030820c19879999xo ar| b 0 0b0slo | ||
| 015 | |a SNBB2004-(r. 2001, r. 2002, r. 2003) |a SNBB2006-(r. 2004) |a SNBB2007-(r. 2005, 2006) |a SNBB2008-(r. 2007) |a SNBB2015-(r. 2009, 2010, 2012, 2013) |a SNBB2017-(r. 2014, 2015) | ||
| 015 | |a SNBSAB1996-0000063 (r. 1994) |a SNBSAB1997-00059 (r. 1995) |a SNBSAB1998-00083 (r. 1996) |a SNBSAB1999-00105 (r. 1997) |a SNBSAB2000-00081 (r. 1998) |a SNBSAB2001-00029 (r. 1999) |a SNBSAB2002-00130 (r. 2000) | ||
| 020 | |a 808887226X (brož. : r. 2001) | ||
| 020 | |a 8088872294 (brož. : r. 2002) | ||
| 020 | |a 8088872405 (brož. : r. 2003) | ||
| 020 | |a 8088872464 (brož. : r. 2004) | ||
| 020 | |a 8088872553 (brož. : r. 2005) | ||
| 020 | |a 9788089088539 (brož. : r. 2006) | ||
| 020 | |a 9788088872771 (brož. : r. 2007) | ||
| 020 | |a 9788089418084 (brož. : r. 2009) | ||
| 020 | |a 9788089418138 (brož. : r. 2010) | ||
| 020 | |a 9788089418312 (brož. : r. 2012) | ||
| 020 | |a 9788089418398 (brož. : r. 2013) | ||
| 020 | |a 9788089418473 (brož. : r. 2014) | ||
| 020 | |a 9788089418480 (brož. : r. 2015) | ||
| 020 | |a 8088872057 (brož. : r. 1995) | ||
| 020 | |a 8088872073 (brož. : r. 1996) | ||
| 020 | |a 8088872081 (brož. : r. 1997) | ||
| 020 | |a 8088872111 (brož. : r. 1998) | ||
| 020 | |a 8088872049 (brož. : r. 1999) | ||
| 020 | |a 8088872227 (brož. : r. 2000) | ||
| 035 | |a SNK000414051 | ||
| 040 | |a SNK |b slo |c SNK |e AACR2 | ||
| 041 | 0 | |a slo |a eng | |
| 043 | |a e-xo--- | ||
| 044 | |a xo |c SK | ||
| 072 | 7 | |a 636 |x Chov zvierat. Živočíšna výroba |2 konspekt | |
| 072 | 7 | |a 01 |x Bibliografia. Katalógy |2 konspekt | |
| 080 | |a 636 |2 2011 | ||
| 080 | |a 061 |2 2011 | ||
| 080 | |a (083.8) |2 2011 | ||
| 080 | |a 001.32 |2 2011 | ||
| 080 | |a (437.6) |2 2011 | ||
| 080 | |a 808.1/.2 |2 2011 | ||
| 080 | |a 01 |2 2011 | ||
| 080 | |a (058) |2 2011 | ||
| 080 | |a 050 |2 2011 | ||
| 245 | 0 | 0 | |a Súpis publikačnej činnosti ... |
| 246 | 1 | 1 | |a List of publications ... |
| 260 | |a Nitra |b Výskumný ústav živočíšnej výroby | ||
| 260 | 2 | |3 2006-2008 |a Nitra |b Slovenské centrum poľnohospodárskeho výskumu, Výskumný ústav živočíšnej výroby, OISEČ | |
| 260 | 2 | |3 [2009]-2013 |a Nitra |b Centrum výskumu živočíšnej výroby | |
| 260 | 3 | |3 2015- |a Nitra |b NPPC - VÚSŽ | |
| 300 | |a zv. |c 21 cm | ||
| 310 | |a 1x ročne | ||
| 362 | 0 | |a 1986- | |
| 500 | |a Súčasťou názvu je označenie bežného roku | ||
| 500 | |a Redaktor/zostavovateľ: 1994-2007, 2009, Margarita Sirotkina ; 2010, Margarita Sirotkina, Marta Vargová ; 2012-2015, Marta Vargová | ||
| 500 | |a Od r. 2006 vydáva Slovenské centrum poľnohospodárskeho výskumu, Výskumný ústav živočíšnej výroby, OISEČ | ||
| 500 | |a Od r. [2009] do r. 2013 vydáva Centrum výskumu živočíšnej výroby, Nitra | ||
| 500 | |a OD r. 2015 vydáva Národné poľnohospodárske a potravinárske centrum - Výskumný ústav živočíšnej výroby | ||
| 504 | |a Autorský reg. | ||
| 546 | |a Text aj angl. | ||
| 650 | 0 | 7 | |a živočíšna výroba |2 SNKPH |9 2836 |
| 650 | 0 | 7 | |a Research institutes |2 SNKPHeng |9 266355 |
| 650 | 0 | 7 | |a výskumné ústavy |2 SNKPH |9 63999 |
| 650 | 0 | 7 | |a inštitúcie a organizácie |2 SNKPH |9 66282 |
| 650 | 0 | 7 | |a publikačná činnosť |2 SNKPH |9 66957 |
| 650 | 0 | 7 | |a Animal industry |2 SNKPHeng |9 265282 |
| 650 | 0 | 7 | |a Institutions and organizations |2 SNKPHeng |9 265182 |
| 650 | 0 | 7 | |a Publication activity |2 SNKPHeng |9 267144 |
| 650 | 0 | 7 | |a bibliografia |2 SNKPH |9 24254 |
| 650 | 0 | 7 | |a Bibliography |2 SNKPHeng |9 266945 |
| 651 | 7 | |a Nitra (Slovensko) |2 SNKPHgeo |9 15714 | |
| 651 | 7 | |a Nitra (Slovakia) |2 SNKPHeng |9 265425 | |
| 655 | 7 | |a súpisy |2 SNKPH |9 70480 | |
| 655 | 7 | |a ročenky |2 SNKPH |9 57146 | |
| 655 | 7 | |a Inventories |2 SNKPHeng |9 266628 | |
| 655 | 7 | |a Yearbooks |2 SNKPHeng |9 120938 | |
| 700 | 1 | |a Sirotkina, Margarita, |d 1953- |4 red |4 com |9 156136 | |
| 700 | 1 | |a Vargová, Marta, |d 1953- |4 red |4 com |9 119309 | |
| 910 | |a snk | ||
| 919 | |a 80-88872-26-X | ||
| 919 | |a 80-88872-29-4 | ||
| 919 | |a 80-88872-40-5 | ||
| 919 | |a 80-88872-46-4 | ||
| 919 | |a 80-88872-55-3 | ||
| 919 | |a 978-80-89088-53-9 | ||
| 919 | |a 978-80-88872-77-1 | ||
| 919 | |a 978-80-89418-08-4 | ||
| 919 | |a 978-80-89418-13-8 | ||
| 919 | |a 978-80-89418-31-2 | ||
| 919 | |a 978-80-89418-39-8 | ||
| 919 | |a 978-80-89418-47-3 | ||
| 919 | |a 978-80-89418-48-0 | ||
| 919 | |a 80-88872-05-7 | ||
| 919 | |a 80-88872-07-3 | ||
| 919 | |a 80-88872-08-1 | ||
| 919 | |a 80-88872-11-1 | ||
| 919 | |a 80-88872-04-9 | ||
| 919 | |a 80-88872-22-7 | ||
| 958 | |a SF | ||
| 999 | |c 3385 |d 5315 | ||
| 952 | |0 0 |1 0 |4 0 |7 0 |8 0 |a SNK |b SNK |d 2004-05-26 |i snkPV 742/2004 |l 0 |o snkČSD 1545/2001 |p 17A0431063 |r 2005-01-02 00:00:00 |w 2026-02-21 |y PREZ | ||
| 952 | |0 0 |1 0 |4 0 |7 0 |8 0 |a SNK |b SNK |d 2004-05-26 |i snkPV 743/2004 |l 0 |o snkČSD 1545/2001 D1 |p 17A0431064 |r 2005-01-02 00:00:00 |w 2026-02-21 |y PREZ | ||
| 952 | |0 0 |1 0 |4 0 |7 0 |8 0 |a SNK |b SNK |d 2004-05-26 |i snkPV 745/2004 |l 0 |o snkČSD 1545/2002 D1 |p 17A0431066 |r 2005-01-02 00:00:00 |w 2026-02-21 |y PREZ | ||
| 952 | |0 0 |1 0 |4 0 |7 0 |8 0 |a SNK |b SNK |d 2004-08-31 |i snkPV 1144/2004 |l 0 |o snkČSD 1545/2003 |p 17A0431493 |r 2005-01-02 00:00:00 |w 2026-02-21 |y PREZ | ||
| 952 | |0 0 |1 0 |4 0 |7 0 |8 0 |a SNK |b SNK |d 2004-08-31 |i snkPV 1145/2004 |l 0 |o snkČSD 1545/2003 D1 |p 17A0431494 |r 2005-01-02 00:00:00 |w 2026-02-21 |y PREZ | ||
| 952 | |0 0 |1 0 |4 0 |7 0 |a SNK |b SNK |d 2000-02-11 |i snk285/20000229 |l 0 |o snkC 116 |r 2005-01-02 00:00:00 |t R. 1997 |w 2026-02-21 |y NEVYP | ||
| 952 | |0 0 |1 0 |4 0 |7 0 |a SNK |b SNK |d 2000-02-11 |i snkKSP 1853/2000 |l 0 |o snkČSD 1545/1997 |p 17A0228368 |r 2005-01-02 00:00:00 |w 2026-02-21 |y PREZ | ||
| 952 | |0 0 |1 0 |4 0 |7 0 |a SNK |b SNK |d 2000-02-11 |i snkKSP 1854/2000 |l 0 |o snkČSD 1545/1997 D1 |p 17A0228369 |r 2005-01-02 00:00:00 |w 2026-02-21 |y PREZ | ||
| 952 | |0 0 |1 0 |4 0 |7 0 |8 0 |a SNK |b SNK |d 2006-05-04 |i snk2006/9115 |l 0 |o snkČSD 1545/2004 |p 17A0502112 |r 2026-02-21 19:52:23 |w 2026-02-21 |y PREZ | ||
| 952 | |0 0 |1 0 |4 0 |7 0 |8 0 |a SNK |b SNK |d 2006-05-04 |i snk2006/9116 |l 0 |o snkČSD 1545/2004 D1 |p 17A0502113 |r 2026-02-21 19:52:23 |w 2026-02-21 |y PREZ | ||
| 952 | |0 0 |1 0 |4 0 |7 0 |a SNK |b SNK |d 1998-09-17 |l 0 |o snkČSD 1545/1990 D1 |p 17A0159872 |r 2005-01-02 00:00:00 |w 2026-02-21 |y PREZ | ||
| 952 | |0 0 |1 0 |4 0 |7 0 |8 0 |a SNK |b SNK |d 2007-09-14 |i snk2007/20550 |l 0 |o snkČSD 1545/2005 |p 17A0556676 |r 2026-02-21 20:20:55 |w 2026-02-21 |y PREZ | ||
| 952 | |0 0 |1 0 |4 0 |7 0 |8 0 |a SNK |b SNK |d 2007-09-14 |i snk2007/20551 |l 0 |o snkČSD 1545/2005 D1 |p 17A0556677 |r 2026-02-21 20:20:55 |w 2026-02-21 |y PREZ | ||
| 952 | |0 0 |1 0 |4 0 |7 0 |8 0 |a SNK |b SNK |d 2007-09-14 |i snk2007/20552 |l 0 |o snkČSD 1545/2006 |p 17A0558424 |r 2026-02-21 20:20:55 |w 2026-02-21 |y PREZ | ||
| 952 | |0 0 |1 0 |4 0 |7 0 |8 0 |a SNK |b SNK |d 2007-09-14 |i snk2007/20553 |l 0 |o snkČSD 1545/2006 D1 |p 17A0558425 |r 2026-02-21 20:20:55 |w 2026-02-21 |y PREZ | ||
| 952 | |0 0 |1 0 |4 0 |7 0 |a SNK |b SNK |d 1998-01-20 |i snk80/980121 |l 0 |o snkC 39 |r 2005-01-02 00:00:00 |t R. 1995 |w 2026-02-21 |y NEVYP | ||
| 952 | |0 0 |1 0 |4 0 |7 0 |a SNK |b SNK |d 1998-01-20 |i snkKSP 451/98 |l 0 |o snkČSD 1545/1995 |p 17A0116764 |r 2005-01-02 00:00:00 |w 2026-02-21 |y PREZ | ||
| 952 | |0 0 |1 0 |4 0 |7 0 |a SNK |b SNK |d 1998-01-20 |i snkKSP 452/98 |l 0 |o snkČSD 1545/1995 D1 |p 17A0116765 |r 2005-01-02 00:00:00 |w 2026-02-21 |y PREZ | ||
| 952 | |0 0 |1 0 |4 0 |7 0 |a SNK |b SNK |d 2001-01-08 |i snk36/20010109 |l 0 |o snkC 26 |r 2005-01-02 00:00:00 |t R. 1998 |w 2026-02-21 |y NEVYP | ||
| 952 | |0 0 |1 0 |4 0 |7 0 |a SNK |b SNK |d 2001-01-08 |i snkKSP 313/2001 |l 0 |o snkČSD 1545/1998 |p 17A0264636 |r 2005-01-02 00:00:00 |w 2026-02-21 |y PREZ | ||
| 952 | |0 0 |1 0 |4 0 |7 0 |a SNK |b SNK |d 2001-01-08 |i snkKSP 314/2001 |l 0 |o snkČSD 1545/1998 D1 |p 17A0264637 |r 2005-01-02 00:00:00 |w 2026-02-21 |y PREZ | ||
| 952 | |0 0 |1 0 |4 0 |7 0 |8 0 |a SNK |b SNK |d 2008-10-30 |i snk2008/21151 |l 0 |o snkČSD 1545/2007 |p 17A0595544 |r 2026-02-21 21:01:33 |w 2026-02-21 |y PREZ | ||
| 952 | |0 0 |1 0 |4 0 |7 0 |8 0 |a SNK |b SNK |d 2008-10-30 |i snk2008/21153 |l 0 |o snkČSD 1545/2007 D1 |p 17A0595760 |r 2026-02-21 21:01:33 |w 2026-02-21 |y PREZ | ||
| 952 | |0 0 |1 0 |4 0 |7 0 |a SNK |b SNK |d 2001-10-08 |i snk882/20011009 |l 0 |o snkC 518 |r 2005-01-02 00:00:00 |t R. 1999 |w 2026-02-21 |y NEVYP | ||
| 952 | |0 0 |1 0 |4 0 |7 0 |a SNK |b SNK |d 2001-10-08 |i snkKSP 11616/2001 |l 0 |o snkČSD 1545/1999 |p 17A0318070 |r 2005-01-02 00:00:00 |w 2026-02-21 |y PREZ | ||
| 952 | |0 0 |1 0 |4 0 |7 0 |a SNK |b SNK |d 2001-10-08 |i snkKSP 11617/2001 |l 0 |o snkČSD 1545/1999 D1 |p 17A0318071 |r 2005-01-02 00:00:00 |w 2026-02-21 |y PREZ | ||
| 952 | |0 0 |1 0 |4 0 |7 0 |a SNK |b SNK |d 1996-11-20 |i snkKSP 10066/96 |l 0 |o snkČSD 1545/1994 |p 17A0038377 |r 2005-01-01 00:00:00 |w 2026-02-21 |y PREZ | ||
| 952 | |0 0 |1 0 |4 0 |7 0 |a SNK |b SNK |d 1996-11-20 |i snkKSP 10067/96 |l 0 |o snkČSD 1545/1994 D1 |p 17A0022364 |r 2005-01-01 00:00:00 |w 2026-02-21 |y PREZ | ||
| 952 | |0 0 |1 0 |4 0 |7 0 |a SNK |b SNK |d 1998-09-17 |l 0 |o snkČSD 1545/1991 D1 |p 17A0159295 |r 2005-01-02 00:00:00 |w 2026-02-21 |y PREZ | ||
| 952 | |0 0 |1 0 |4 0 |7 0 |a SNK |b SNK |d 1998-09-17 |l 0 |o snkČSD 1545/1988 D1 |p 17A0159960 |r 2005-01-02 00:00:00 |w 2026-02-21 |y PREZ | ||
| 952 | |0 0 |1 0 |4 0 |7 0 |a SNK |b SNK |d 1998-09-17 |l 0 |o snkČSD 1545/1987 D1 |p 17A0159289 |r 2005-01-02 00:00:00 |w 2026-02-21 |y PREZ | ||
| 952 | |0 0 |1 0 |4 0 |7 0 |a SNK |b SNK |d 1998-09-17 |l 0 |o snkČSD 1545/1993 D1 |p 17A0159288 |r 2005-01-02 00:00:00 |w 2026-02-21 |y PREZ | ||
| 952 | |0 0 |1 0 |4 0 |7 0 |a SNK |b SNK |d 1998-09-17 |l 0 |o snkČSD 1545/1986 D1 |p 17A0159287 |r 2005-01-02 00:00:00 |w 2026-02-21 |y PREZ | ||
| 952 | |0 0 |1 0 |4 0 |7 0 |a SNK |b SNK |d 1998-09-17 |l 0 |o snkČSD 1545/1989 D1 |p 17A0159362 |r 2005-01-02 00:00:00 |w 2026-02-21 |y PREZ | ||
| 952 | |0 0 |1 0 |4 0 |7 0 |a SNK |b SNK |d 1999-03-11 |i snk391/990324 |l 0 |o snkC 198 |r 2005-01-02 00:00:00 |t R. 1996 |w 2026-02-21 |y NEVYP | ||
| 952 | |0 0 |1 0 |4 0 |7 0 |a SNK |b SNK |d 1999-03-11 |i snkKSP 2596/99 |l 0 |o snkČSD 1545/1996 |p 17A0190280 |r 2005-01-02 00:00:00 |w 2026-02-21 |y PREZ | ||
| 952 | |0 0 |1 0 |4 0 |7 0 |a SNK |b SNK |d 1999-03-11 |i snkKSP 2597/99 |l 0 |o snkČSD 1545/1996 D1 |p 17A0183923 |r 2005-01-02 00:00:00 |w 2026-02-21 |y PREZ | ||
| 952 | |0 0 |1 0 |4 0 |7 0 |a SNK |b SNK |d 2003-02-06 |i snkKSP 1478/2003 |l 0 |o snkČSD 1545/2000 |p 17A0372801 |r 2005-01-02 00:00:00 |w 2026-02-21 |y PREZ | ||
| 952 | |0 0 |1 0 |4 0 |7 0 |a SNK |b SNK |d 2003-02-06 |i snkKSP 1479/2003 |l 0 |o snkČSD 1545/2000 D1 |p 17A0372802 |r 2005-01-02 00:00:00 |w 2026-02-21 |y PREZ | ||
| 952 | |0 0 |1 0 |4 0 |7 0 |a SNK |b SNK |d 2004-05-26 |i snkPV 744/2004 |l 0 |o snkČSD 1545/2002 |p 17A0431065 |r 2005-01-02 00:00:00 |w 2026-02-21 |y PREZ | ||
| 952 | |0 0 |1 0 |4 0 |7 0 |a SNK |b SNK |d 1998-09-17 |l 0 |o snkČSD 1545/1992 D1 |p 17A0159284 |r 2005-01-02 00:00:00 |w 2026-02-21 |y PREZ | ||
| 952 | |0 0 |1 0 |4 0 |7 0 |8 0 |a SNK |b SNK |d 2015-11-30 |i snk2015/32268 |l 0 |o snkČSD 1545/2009 |p 17A0666569 |r 2026-02-21 21:46:38 |w 2026-02-21 |y PREZ | ||
| 952 | |0 0 |1 0 |4 0 |7 0 |8 0 |a SNK |b SNK |d 2015-11-30 |i snk2015/32269 |l 0 |o snkČSD 1545/2009 D1 |p 17A0666568 |r 2026-02-21 21:46:38 |w 2026-02-21 |y PREZ | ||
| 952 | |0 0 |1 0 |4 0 |7 0 |8 0 |a SNK |b SNK |d 2015-11-30 |i snk2015/32270 |l 0 |o snkČSD 1545/2010 |p 17A1095467 |r 2026-02-21 21:46:38 |w 2026-02-21 |y PREZ | ||
| 952 | |0 0 |1 0 |4 0 |7 0 |8 0 |a SNK |b SNK |d 2015-11-30 |i snk2015/32271 |l 0 |o snkČSD 1545/2010 D1 |p 17A1095468 |r 2026-02-21 21:46:38 |w 2026-02-21 |y PREZ | ||
| 952 | |0 0 |1 0 |4 0 |7 0 |8 0 |a SNK |b SNK |d 2015-11-30 |i snk2015/32272 |l 0 |o snkČSD 1545/2012 |p 17A1085215 |r 2026-02-21 21:46:38 |w 2026-02-21 |y PREZ | ||
| 952 | |0 0 |1 0 |4 0 |7 0 |8 0 |a SNK |b SNK |d 2015-11-30 |i snk2015/32273 |l 0 |o snkČSD 1545/2012 D1 |p 17A1085216 |r 2026-02-21 21:46:44 |w 2026-02-21 |y PREZ | ||
| 952 | |0 0 |1 0 |4 0 |7 0 |8 0 |a SNK |b SNK |d 2015-11-30 |i snk2015/32275 |l 0 |o snkČSD 1545/2013 |p 17A1085213 |r 2026-02-21 21:46:44 |w 2026-02-21 |y PREZ | ||
| 952 | |0 0 |1 0 |4 0 |7 0 |8 0 |a SNK |b SNK |d 2015-11-30 |i snk2015/32276 |l 0 |o snkČSD 1545/2013 D1 |p 17A1085214 |r 2026-02-21 21:46:44 |w 2026-02-21 |y PREZ | ||
| 952 | |0 0 |1 0 |4 0 |7 0 |8 0 |a SNK |b SNK |d 2017-03-31 |i snk2017/8038 |l 0 |o snkČSD 1545/2014 |p 17A1205304 |r 2026-02-21 22:04:09 |w 2026-02-21 |y PREZ | ||
| 952 | |0 0 |1 0 |4 0 |7 0 |8 0 |a SNK |b SNK |d 2017-03-31 |i snk2017/8039 |l 0 |o snkČSD 1545/2014 D1 |p 17A1205305 |r 2026-02-21 22:04:09 |w 2026-02-21 |y PREZ | ||
| 952 | |0 0 |1 0 |4 0 |7 0 |8 0 |a SNK |b SNK |d 2017-03-31 |i snk2017/8040 |l 0 |o snkČSD 1545/2015 |p 17A1205306 |r 2026-02-21 22:04:09 |w 2026-02-21 |y PREZ | ||
| 952 | |0 0 |1 0 |4 0 |7 0 |8 0 |a SNK |b SNK |d 2017-03-31 |i snk2017/8041 |l 0 |o snkČSD 1545/2015 D1 |p 17A1205307 |r 2026-02-21 22:04:09 |w 2026-02-21 |y PREZ | ||


